| 000 | 01096nam a2200313 i 4500 | ||
|---|---|---|---|
| 999 |
_c200442986 _d61198 |
||
| 001 | 200442986 | ||
| 003 | TR-AnTOB | ||
| 005 | 20240912111133.0 | ||
| 007 | ta | ||
| 008 | 210816b tu 000 0 tur d | ||
| 035 | _a(TR-AnTOB)200442986 | ||
| 040 |
_aTR-AnTOB _beng _erda _cTR-AnTOB |
||
| 041 | 0 | _atur | |
| 050 | 4 |
_aHF5686.H7 _bG65 |
|
| 090 |
_aHF5686.H7 _bG65 |
||
| 100 | 1 |
_aGök, Rafet _eauthor _9132100 |
|
| 245 | 1 | 0 |
_aSağlık kurumlarında maliyet hesaplama işlemleri ve muhasebeleştirilmesi / _cRafet Gök. |
| 264 | 1 |
_aMuğla : _bA.İ.T.İ. Akademisi Muğla İşletmecilik Yüksek Okulu _c[date of publication not identified] |
|
| 300 |
_axiv, 212 pages ; _c24 cm |
||
| 336 |
_atext _btxt _2rdacontent |
||
| 337 |
_aunmediated _bn _2rdamedia |
||
| 338 |
_avolume _bnc _2rdacarrier |
||
| 490 |
_aA.İ.T.İ. Akademisi Muğla İşletmecilik Yüksek Okulu Yayınları ; _v6. |
||
| 650 | 7 |
_aSağlık kurumları _xMuhasebe _2etuturkob _9132101 |
|
| 650 | 7 |
_aSağlık kurumları _xFinans _2etuturkob _9132102 |
|
| 942 |
_2lcc _cBK |
||